Análisis dinámico del desempleo en Costa Rica para el periodo 2010-2011 /

Bewaard in:
Bibliografische gegevens
Hoofdauteur: Villegas González, Braulio
Andere auteurs: Ulate Chinchilla, Josué
Formaat: Texto
Tags: Voeg label toe
Geen labels, Wees de eerste die dit record labelt!

MARC

LEADER 00000 a a2200000 04500
001 47121
003
040
100 |a Villegas González, Braulio  
245 |a Análisis dinámico del desempleo en Costa Rica para el periodo 2010-2011 /  |c Braulio Villegas González, Josué Ulate Chinchilla  
700 |a Ulate Chinchilla, Josué  
773 |g volumen31, número1, (2013), páginas 31-66 : tablas, gráficos  
999 |c 22173  |d 22173